Historia de la vida del Buscón / (Registro nro. 10504)
[ vista simple ]
| 000 -LIDER | |
|---|---|
| fixed length control field | 00911nam a2200277 4500 |
| 003 - IDENTIFICACDOR DE NÚMERO DE CONTROL | |
| control field | DO-SdBNP |
| 005 - DATE AND TIME OF LATEST TRANSACTION | |
| control field | 20240723110043.0 |
| 008 - ELEMENTOS DE LONGITUD FIJA | |
| fixed length control field | 160622b 2001 sp| 00| 0 spa d |
| 020 ## - ISBN | |
| International Standard Book Number | 8466303987 |
| 040 ## - FUENTE DE CATALOGACIÓN | |
| Agencia que crea de manera original el registro | BPMSU |
| Idioma de catalogación | spa |
| Agencia que realiza la transcripción | BPMSU |
| 082 ## - NÚMERO DE CLASIFICACIÓN DECIMAL DE DEWEY | |
| Classification number | 863.3 |
| Item number | Q5h 2001 |
| Edition number | 22 |
| 100 1# - ASIENTO PRINCIPAL -- NOMBRE PERSONAL | |
| Nombre personal | Quevedo, Francisco de |
| Fechas asociadas con el nombre | 1580-1645. |
| 245 10 - MENCIÓN DE TITULO | |
| Título | Historia de la vida del Buscón / |
| Mención de responsabilidad | Francisco de Quevedo ; estudio y notas por Juan Luis Rodríguez Bravo. |
| Subtítulo | |
| 250 ## - MENCIÓN DE EDICION | |
| Mención de edición | |
| 260 ## - PUBLICACIÓN, DISTRIBUCIÓN, ETC. (PIE DE IMPRENTA) | |
| Lugar de publicación, distribución, etc | Barcelona : |
| Nombre del editor, distribuidor, etc. | Editorial Sopena, |
| Fecha de publicación, distribución, etc | 2001. |
| 300 ## - DESCRIPCIÓN FÍSICA | |
| Extensión | 318 p. ; |
| Otros detalles físicos | 20 cm. |
| 490 0# - MENCIÓN DE SERIES | |
| Mención de serie | Punto de lectura |
| Volume/sequential designation | 300/7 |
| 500 ## - NOTA GENERAL | |
| Nota general | Edición anotada y comentada |
| 504 ## - NOTA DE BIBLIOGRAFÍA, ETC. | |
| Bibliography, etc | Incluye referencias bibliográficas y notas al pie de las páginas |
| 590 ## - NOTA LOCAL | |
| Enlace | Inventariado, 2022/VM |
| 650 #4 - ENCABEZAMIENTO DE MATERIA--TEMÁTICO | |
| Término temático o nombre geográfico como elemento de entrada | Novela española |
| 650 #4 - ENCABEZAMIENTO DE MATERIA--TEMÁTICO | |
| Término temático o nombre geográfico como elemento de entrada | Sátira española. |
| 700 1# - ASIENTO SECUNDARIO -- NOMBRE PERSONAL | |
| Nombre personal | Rodríguez Bravo, Juan Luis |
| 910 ## - VALIDACIÓN | |
| Validación | VMateo V. /Validado |
| 942 ## - ADDED ENTRY ELEMENTS (KOHA) | |
| Source of classification or shelving scheme | Dewey Decimal Classification |
| Koha item type | Libros |
| Withdrawn status | Lost status | Source of classification or shelving scheme | Damaged status | Not for loan | Collection code | Home library | Current library | Date acquired | Source of acquisition | Full call number | Barcode | Date last seen | Price effective from | Koha item type | Copy number |
|---|---|---|---|---|---|---|---|---|---|---|---|---|---|---|---|
| Dewey Decimal Classification | Colección General | Biblioteca Pública Metropolitana Salomé Ureña | Biblioteca Pública Metropolitana Salomé Ureña | 06/22/2016 | ALFAGUARA | BPMSU CG 863.3 Q5h 2001 | BPMSU16060370 | 06/22/2016 | 06/22/2016 | Libros | |||||
| Dewey Decimal Classification | Colección General | Biblioteca Pública Metropolitana Salomé Ureña | Biblioteca Pública Metropolitana Salomé Ureña | 06/22/2016 | ALFAGUARA | PMSU CG 863.3 Q5h 2001 | BPMSU16060371 | 06/22/2016 | 06/22/2016 | Libros | e,2 | ||||
| Dewey Decimal Classification | Colección General | Biblioteca Pública Metropolitana Salomé Ureña | Biblioteca Pública Metropolitana Salomé Ureña | 06/22/2016 | ALFAGUARA | BPMSU CG 863.3 Q5h 2001 | BPMSU16060372 | 06/22/2016 | 06/22/2016 | Libros | e.3 |